000 01236nam2a22002531 4500
001 RU\NLR\INFOCOMM31\1000070971
005 20250617073335.0
035 _a(NLR Aleph) 002554944
090 _a3053272
_c3053272
100 _a20040527d1957 |||y0rusy50 ca
101 0 _arus
102 _aRU
105 _ay |||||||||
200 1 _aВопросы травматологии, ортопедии и восстановительной хирургии
210 _d1957
_aБ. м.
309 _aНа обл. дата: 1956
461 0 _1001RU\NLR\INFOCOMM31\1000070969
_12001#$aТруды$fНовосиб. гос. науч.-исслед. ин-т травматологии и ортопедии. Минздрав РСФСР$vСб.2
_93053267
_aНовосибирский научно-исследовательский институт травматологии и ортопедии
_cНовосибирск
_d1949-1961
_fНовосиб. гос. науч.-исслед. ин-т травматологии и ортопедии. Минздрав РСФСР
_tТруды
_vСб.2
801 1 _aRU
_bInfoComm
_c20040527
801 0 _aRU
_bNLR
_gPSBO
852 _aNLR
_jП16/416
942 _cISSUE
980 _aNB
980 _aRUSPER